| 000 | 00543nam a2200181Ia 4500 | ||
|---|---|---|---|
| 005 | 20250508160507.0 | ||
| 008 | 008 250505s9999 xx 000 0 eng d | ||
| 037 | _aTextual | ||
| 040 |
_aFEDL _beng _cFEDL |
||
| 041 |
_aeng _2eng |
||
| 084 |
_a425, OSM _qFEDL |
||
| 100 |
_aOsman Neile _969810 |
||
| 245 | 0 | _aWord function and dictionary use : A work book for advanced learners of english | |
| 260 |
_aLondon, UK _bOxford University Press _c1965 |
||
| 300 | _a187p. | ||
| 942 |
_cTEXL _h425, OSM |
||
| 999 |
_c1364952 _d1364952 |
||